LEADER 00445nab a2200133 i 4500 001 000000311207 003 CaOOAMICUS 005 20180831173028.0 008 180831n xx uu u0 0und r 013 $a20295 040 $aSeMil$bita 245 10$aLettera al Collegio di Direzione de ĞLa Scuola Cattolicağ. 773 0 $t[Gennaio-Giugno].$g1-2$w()274179 996 $6245$aLettera al Collegio di Direzione de ĞLa Scuola Cattolicağ$9(OLS)http://semarc/title/385849 LEADER 00827nam a2200205 i 4500 001 000000182120 003 CaOOAMICUS 005 20091013000000.0 008 091013s1936 it u000 u ita u 013 $a160056 040 $aSeMil$bita 100 1 $aSemeria, Giovanni,$c.$0(OLS)http://semarc/name/4219 245 10$aEvangeli della festa /$cPadre Giovanni Semeria. 260 $aAmatrice :$bTipografia dell'Orfanotrofio Maschile,$cstampa 1936. 300 $a221 p. ;$c17 cm. 650 4$aSermoni.$0(OLS)http://semarc/subject/18104 850 $aSeMil 852 $aSeMil$W1$xVenegono$y1$m3D I 144$j132824$B132824$CSeMilBibl$Z2$F144655 $81 996 $6245$aEvangeli della festa$9(OLS)http://semarc/title/261370 996 $6260$aAmatrice :$bTipografia dell'Orfanotrofio Maschile$9(OLS)http://semarc/publisher/38703